Las ideas fundamentales /

En este discurso de Carranza se presentan sus principales ideas políticas y sociales, además del programa social de la revolución.

Збережено в:
Бібліографічні деталі
Автор: Carranza, Venustiano (autor)
Формат: Книга
Мова:Іспанська
Серія:(Materiales de Cultura y Divulgación Política Mexicana ; 3)
Предмети:
Теги: Додати тег
Немає тегів, Будьте першим, хто поставить тег для цього запису!

MARC

LEADER 00000nam^a2200000^a^4500
001 000121107
005 20250521000000.0
009 20260310094416.442
037 |a Acervo ITESO - Biblioteca 
041 |a ESP 
082 |a 972. 0614  |b CAR 
100 |a Carranza, Venustiano  |e (autor) 
245 1 4 |a Las ideas fundamentales /  |c V. Carranza. 
264 |a México :  |b Partido Revolucionario Institucional, Comité Ejecutivo Nacional,  |c fecha no identificada 
300 |a 32 p. 
336 |a texto  |b txt  |2 rdacontenido 
337 |a sin mediación  |b n  |2 rdamedio 
338 |a volumen  |b nc  |2 rdasoporte 
440 1 |a (Materiales de Cultura y Divulgación Política Mexicana ;  |v 3) 
520 |a En este discurso de Carranza se presentan sus principales ideas políticas y sociales, además del programa social de la revolución. 
649 |a XX 
650 |a Políticos Mexicanos -  |x Discursos 
650 |a Política -  |z México -  |x Historia -  |y Revolución Carrancista y Constitucionalista, 1913-1917 
650 |a Política -  |z México -  |x Historia -  |y 1910-1946 
650 |a Política -  |z México -  |x Historia -  |y Siglo XX 
650 |a México -  |x Historia -  |y Revolución Carrancista y Constitucionalista, 1913-1917 
650 |a México -  |x Historia -  |y 1910-1946 
650 |a México -  |x Historia -  |y Siglo XX 
650 |a Carranza, Venustiano 
910 |a Fondo Salvador Reynoso Reynoso 
920 |a Impresos - Libros 
930 |a Fondos Especiales 
905 |a 112 
901 |a 0800006191  |b IT2  |c ESP  |u 20250521 
902 |a https://opac.biblio.iteso.mx/vufind/Record/000121107